Quizzes
Events
Quiz Creation
Community
Videos
Private Events
Remove Ads
Sign In
Join for FREE
Feedback
Dark Mode
Quiz Categories
Sports
Geography
Music
Movies
Television
Just For Fun
Miscellaneous
History
Literature
Language
Science
Gaming
Entertainment
Religion
Holiday
For Kids
Quiz Lab
Recent
Popular Today
Quiz Kudos Today
Editor Picks
Curator Picks
Quizzes by...
Day
Popularity
Type
Ratings
Length
Year
Community
Subscriptions
Recent Discussions
Orange Saloon
Badges
Playlists
Quests
Create
Leaderboards
Showdown
Live 5
Trivia Bingo
Activity
Puzzle Library
Sporcle Events
Private Events
Virtual Trivia
Globe League
Become a Host
Pub Owners
SporcleCon
Opinionation
Our Games
Videos
Blog
Mobile Apps
Partnerships
Remove Ads and Go Orange
Feedback
Sports
Athletes
MLB
NBA
NHL
NFL
Soccer
Sports Teams
WWE
NCAA
Football
Premier League
Basketball
Baseball
Hockey
Golf
Tennis
Cricket
Rugby
Auto Racing
Olympics
World Cup
Sports
Athletes
MLB
NBA
NHL
NFL
Soccer
Sports Teams
WWE
NCAA
Football
Premier League
Basketball
Baseball
Hockey
Golf
Tennis
Cricket
Rugby
Auto Racing
Olympics
World Cup
Random Quiz
Search Sporcle
×
Quiz Lab
Quiz Lab
Sports
Order
Type in answers that appear in a list
Type in answers that appear in a list
Classic
Best Score? Go Orange.
2013 Daytona 500 Finishing Positions Stats
Can you name the 2013 Daytona 500 Finishing Order?
By
rwfnfl
10m
43 Questions
21 Plays
21 Plays
21 Plays
Comments
Comments
Give Quiz Kudos
Give Quiz Kudos
-
- Ratings
hide this ad
Forced Order
Answers have to be entered in order
Answers have to be entered in order
Replay
Link that replays current quiz
Next Quiz
Link to next quiz in quiz playlist
You Got
0%
They Got
Avg Score
31%
Avg Friend Score
Upgrade to see
Score Distribution
Jump to the score distribution portion of the page
Score
0/43
Timer
10:00
0
Plays Today
Position
Driver
% Correct
1
Jimmie Johnson
100%
2
Dale Earnhardt, Jr.
81%
3
Mark Martin
71.4%
4
Brad Keselowski
71.4%
8
Danica Patrick
61.9%
5
Ryan Newman
57.1%
6
Greg Biffle
47.6%
10
JJ Yeley
42.9%
42
Kevin Harvick
42.9%
9
Michael McDowell
38.1%
20
Jeff Gordon
33.3%
27
Trevor Bayne
33.3%
43
Joe Nemechek
33.3%
41
Tony Stewart
28.6%
14
Denny Hamlin
28.6%
21
Paul Menard
28.6%
34
Kyle Busch
28.6%
36
Kasey Kahne
28.6%
37
Matt Kenseth
28.6%
7
Regan Smith
23.8%
11
Clint Bowyer
23.8%
12
Ricky Stenhouse, Jr.
23.8%
Position
Driver
% Correct
19
Joey Logano
23.8%
22
Michael Waltrip
23.8%
28
Kurt Busch
23.8%
29
Casey Mears
23.8%
31
Austin Dillon
23.8%
32
Jamie McMurray
23.8%
13
Aric Almirola
19%
18
Marcus Ambrose
19%
23
Scott Speed
19%
24
Martin Truex, Jr.
19%
30
Jeff Burton
19%
33
Carl Edwards
19%
35
David Ragan
19%
40
Josh Wise
19%
15
Bobby Labonte
14.3%
17
Dave Blaney
14.3%
25
Travis Kvapil
14.3%
26
Terry Labonte
14.3%
39
Juan Pablo Montoya
14.3%
16
David Reutimann
9.5%
38
David Gilliand
9.5%
Quiz Playlist
Details
Report
Send in Message
Add To Playlist
Classic:
Type in answers that appear in a list
Forced Order:
Answers have to be entered in order
Last Updated: Feb 16, 2017
Quiz Scoreboard
CHALLENGE
Sign Up to Join the Scoreboard
Show All
Scores
Hide
Comments
May contain spoilers
Recently Published
An Introduction to Baseball
by treessimontrees
Sports
5m
Movies - When Are They Set?
by FPL_Elf
Movies
5m
Popular People in 1961
by mucciniale
History
6m
More to Explore
Quiz From the Vault
Featured Blog Post
Where Did the Easter Bunny Come From?
hide this ad
You Might Also Like...
Tags
2013
500
Daytona
Driver
Finishing
Order
Primary
sponsor
Today's Top Quizzes in Sports
Browse Sports
hide this ad
Today's Top Quizzes in Order
Browse Order
Top Contributed Quizzes in Sports
1
Les meilleurs buteurs des matchs entre le PSG et l’OM
2
2022 World Cup Stars
3
FIFA Club World Cup Champions
4
Les entraîneurs de l'OM et du PSG au 21e siècle
5
Name the Premier League winners with different clubs
6
La finale Lions - Afrique du Sud 2021
7
Les joueurs passés par le LOSC et le RC Lens
8
Criteria MLB: Left Handed Sluggers
9
Players with Multiple 50 Home Run Seasons
10
5-to-1: UK Sports Teams
Explore More
Trending Topics
Disney
Crossword
Harry Potter
Marvel
NBA
Kpop
Anime
NFL
Song
Pokémon
Country
WWE
Puzzle
Soccer
The Office
hide this ad
More By:
rwfnfl
Quiz
Plays
Rating
Category
Featured
Created
Broncos Starting QBs Since Elway
1,564
3.50
Sports
Mar 13, 2013
Top 5 NFL Draft Picks (2010s)
1,030
4.00
Sports
Nov 15, 2019
Every Golfer In Top 10 of the World Rankings
435
5.00
Sports
Jan 14, 2022
Alma Matters of Starting QBs
260
Sports
Aug 8, 2010
Guess Who NFL
200
1.20
Sports
Aug 19, 2010
Go to Creator's Profile
Score Distribution
Quiz Creator Spotlight
rwfnfl
Follow
Send a Message
Quizzes Created
-
Created Quiz Play Count
-
More By This Creator
Popular Quizzes Today
1
Find the Countries of Europe - No Outlines Minefield
2
Find the US States - No Outlines Minefield
3
The Countries of the World
4
Popular People in 1961
5
US States
6
Find the US States
7
1-10 Letter E Words III
8
Risky Map Clicking: Biggest States A-Z
More Sports Quizzes
Last 5 Manchester United Winning XI's at Leeds United
Quiz Lab
Trending Quizzes
Risky Map Clicking: Least Populous States A-Z
1-10 Letter F Words
1-10 Letter G Words
One Thing in Common: United Kingdom
Not Quite an Element Typing Challenge
Recently Updated
Leaping Animals
pecheneg
Reality TV Shows (A-Z)
bhenderson79
Rickey Henderson's Hall of Fame Teammates
pecheneg
Champions League XIs: Arsenal
pecheneg
Quick Pick: Celebrities in WWE's Hall of Fame
aduchscher
A-Z Keypad Blitz II
pecheneg
Multiple Oscar Actors
pecheneg
Mystery Phrase Blitz: Oscar 'Best Actors'
pecheneg
F. Scott Fitzgerald Novels
LTH
Pick 3 Villains
ddd62291
Trending Topics
NBA
Marvel
Crossword
Anime
Kpop
Harry Potter
Disney
Soccer
Country
Song
The Office
Pokémon
NFL
Puzzle
WWE
Your Account Isn't Verified!
In order to create a playlist on Sporcle, you need to verify the email address you used during registration. Go to your
Sporcle Settings
to finish the process.
Report this User
Report this user for behavior that violates our
Community Guidelines
.
Details:
Send Report
Go to the Sporcle.com Mobile Site →
Comments